| 000 -LEADER |
| fixed length control field |
00832nam a2200241Ia 4500 |
| 001 - CONTROL NUMBER |
| control field |
11381 |
| 003 - CONTROL NUMBER IDENTIFIER |
| control field |
GE_BSU |
| 005 - DATE AND TIME OF LATEST TRANSACTION |
| control field |
20221117102428.0 |
| 008 - FIXED-LENGTH DATA ELEMENTS--GENERAL INFORMATION |
| fixed length control field |
181216s1994en xx |||||||||||||| ||eng|| |
| 020 ## - INTERNATIONAL STANDARD BOOK NUMBER |
| International Standard Book Number |
9780750703376 X |
| 040 ## - CATALOGING SOURCE |
| Transcribing agency |
GE_BSU |
| 041 ## - LANGUAGE CODE |
| Language code of text/sound track or separate title |
eng |
| 080 ## - UNIVERSAL DECIMAL CLASSIFICATION NUMBER |
| Universal Decimal Classification number |
378.25 A-84 |
| 100 ## - MAIN ENTRY--PERSONAL NAME |
| Personal name |
Ashcroft, Kate. |
| 9 (RLIN) |
15862 |
| 245 ## - TITLE STATEMENT |
| Title |
Managing Teaching and Learning in Further and Higher Education / |
| Statement of responsibility, etc. |
Kate Ashcroft, Lorraine Foreman Peck. |
| 264 ## - PRODUCTION, PUBLICATION, DISTRIBUTION, MANUFACTURE, AND COPYRIGHT NOTICE |
| Place of production, publication, distribution, manufacture |
London.ress, |
| Name of producer, publisher, distributor, manufacturer |
The Falmer P |
| Date of production, publication, distribution, manufacture, or copyright notice |
1994. |
| 300 ## - PHYSICAL DESCRIPTION |
| Extent |
215 p.: |
| Other physical details |
24 cm. |
| 520 ## - SUMMARY, ETC. |
| Summary, etc. |
შემოსულია ტემპუსის პროქტით. |
| 653 ## - INDEX TERM--UNCONTROLLED |
| keyword |
Managing Teaching and Learning in Further and Higher Education. |
| 653 ## - INDEX TERM--UNCONTROLLED |
| keyword |
ტემპუსის პროქტით |
| 700 ## - ADDED ENTRY--PERSONAL NAME |
| Personal name |
Foreman Peck, Lorraine |
| 9 (RLIN) |
15863 |
| 942 ## - ADDED ENTRY ELEMENTS (KOHA) |
| Koha item type |
წიგნი |
| Source of classification or shelving scheme |
|